Score 0/12 Timer 04:00
0 Plays Today
% Correct
Blue Jays
94.3%
Giants
93.8%
Phillies
93.7%
Mets
91.6%
Cubs
90.8%
Orioles
90.1%
Royals
89.4%
Pirates
87.1%
Twins
84.6%
Rockies
83.3%
Diamondbacks
82.9%
White Sox
66.5%
Remove Ads.
Support Sporcle.
Get the best of Sporcle when you Go Orange. This ad-free experience offers more features, more stats, and more fun while also helping to support Sporcle. Thank you for becoming a member.

You're not logged in!

Compare scores with friends on all Sporcle quizzes.
OR
Log In

Show Comments

Extras

Top Quizzes Today


Score Distribution

Your Account Isn't Verified!

In order to create a playlist on Sporcle, you need to verify the email address you used during registration. Go to your Sporcle Settings to finish the process.

Report this User

Report this user for behavior that violates our Community Guidelines.

Details: